[Event "Torneio Interno de Inverno ALEX 2016"]
[Site "Rio de Janeiro"]
[Date "2016.07.19"]
[Round "4.4"]
[White "Rabello, David"]
[Black "Frota, Alvaro"]
[Result "1-0"]
[WhiteElo "1800"]
[BlackElo "2007"]
[EventType "Swiss"]
[EventRounds "6"]
[EventCountry "BRA"]

1. e4 e5 2. Bc4 Nf6 3. Nf3 Nc6 4. d4 exd4 5. e5 d5 6. Bb3 Ne4 7. O-O Bc5 8.
Nbd2 Bg4 9. Qe2 Nxd2 10. Bxd2 O-O 11. h3 Bh5 12. g4 Bg6 13. Qb5 Bb6 14. Bxd5
Ne7 15. Bb3 c6 16. Qc4 Be4 17. Ng5 Bd5 18. Qd3 g6 19. Ne4 Bxe4 20. Qxe4 Nd5
21. Rad1 Re8 22. c4 Nf6 23. Qf4 Nd7 24. c5 Bxc5 25. Bxf7+ Kh8 26. Bxe8 Qxe8
27. Rfe1 Qe6 28. a3 Rf8 29. Qe4 Bb6 30. b4 d3 31. Be3 Nxe5 32. Bd4 Bxd4 33.
Qxd4 {#r} 1-0

[Event "Torneio Interno de Inverno ALEX 2016"]
[Site "Rio de Janeiro"]
[Date "2016.07.19"]
[Round "4.6"]
[White "Tiomno, Luiz Sergio"]
[Black "Silveira, Jorge"]
[Result "0-1"]
[WhiteElo "1678"]
[BlackElo "1712"]
[EventType "Swiss"]
[EventRounds "6"]
[EventCountry "BRA"]

1. e4 g6 2. d4 Bg7 3. Nc3 c5 4. Nf3 cxd4 5. Nxd4 Nc6 6. Be3 Nf6 7. Bd3 O-O 8.
Rb1 d6 9. h3 Nd7 10. Be2 Nxd4 11. Bxd4 Bxd4 12. Qxd4 a6 13. O-O b5 14. b4 Qb6
15. Rfd1 Qxd4 16. Rxd4 Bb7 17. Rbd1 Rac8 18. R4d3 Ne5 19. R3d2 Rxc3 20. f3
Rfc8 21. Rc1 Nc4 22. Bxc4 R8xc4 23. Kf2 Rxb4 24. Rd3 Rbc4 25. Rd2 b4 26. Ke1
Bc6 27. h4 Ba4 28. Rd5 Rxc2 29. Rxc2 Rxc2 30. Ra5 Bb5 31. g4 Kf8 {#R} 0-1

[Event "Torneio Interno de Inverno ALEX 2016"]
[Site "Rio de Janeiro"]
[Date "2016.07.19"]
[Round "4.7"]
[White "Soares, Estevao Luis"]
[Black "Von Calmbach, Guilherme"]
[Result "1-0"]
[WhiteElo "2023"]
[BlackElo "1634"]
[EventType "Swiss"]
[EventRounds "6"]
[EventCountry "BRA"]

1. e4 Nf6 2. Nc3 e5 3. Nf3 Nc6 4. Bc4 Bc5 5. d3 h6 6. a4 a6 7. O-O d6 8. h3
Be6 9. Bxe6 fxe6 10. Nh4 g5 11. Nf3 Qd7 12. Be3 g4 13. hxg4 Bxe3 14. fxe3 Qg7
15. Nh2 O-O-O 16. d4 Rhg8 17. d5 exd5 18. exd5 Ne7 19. Qe2 h5 20. Rxf6 Qxf6
21. b4 Qh4 22. Nf3 Qxg4 23. b5 a5 24. b6 c6 25. dxc6 Nxc6 26. e4 h4 27. Nb5
Kb8 28. Rd1 h3 29. Rd2 Rdf8 30. Qe3 Rg6 31. Ne1 h2+ 32. Kh1 Rd8 33. Rf2 Qd7
34. c4 Nd4 35. Qc3 Nc6 36. Nd3 Qg4 37. Qe1 Qe6 38. Nb2 Rf6 39. Nc7 Qf7 40.
Rxf6 Qxf6 41. Nd5 Qg5 42. c5 Rg8 43. Ne3 Qf4 44. Nbc4 Qxe4 45. cxd6 Kc8 46.
Qd1 Nb4 47. d7+ Kd8 48. Qh5 Nd5 49. Qf7 Qg6 50. Qxd5 Qb1+ 51. Qd1 Qxd1+ 52.
Nxd1 Kxd7 53. Nxe5+ Kd6 54. Nd3 Kc6 55. Kxh2 Kxb6 56. N1f2 {#r} 1-0

[Event "Torneio Interno de Inverno ALEX 2016"]
[Site "Rio de Janeiro"]
[Date "2016.07.19"]
[Round "4.10"]
[White "Luz da Costa, Carlos Henrique"]
[Black "de Souza Negreiros, Diogenes"]
[Result "1-0"]
[WhiteElo "1585"]
[BlackElo "1629"]
[EventType "Swiss"]
[EventRounds "6"]
[EventCountry "BRA"]

1. d4 d5 2. Nf3 Nf6 3. Bg5 c5 4. c3 Nc6 5. e3 e6 6. Nbd2 cxd4 7. exd4 h6 8.
Bh4 Be7 9. Bd3 Qb6 10. Qb3 Qxb3 11. Nxb3 O-O 12. h3 b6 13. Bb5 Bb7 14. Ne5
Rfc8 15. O-O a6 16. Bd3 Rc7 17. Nxc6 Rxc6 18. a4 g5 19. Bg3 Ne4 20. Bh2 Bf8
21. Be5 f6 22. Bh2 Bg7 23. f4 f5 24. fxg5 hxg5 25. Be2 a5 26. Bb5 Rcc8 27. Bd7
Kf7 28. Bxc8 Rxc8 29. Rad1 Ba6 30. Rfe1 Rh8 31. Nd2 Rh4 32. Nf3 Rh7 33. Rxe4
dxe4 34. Nxg5+ Kg6 35. Nxh7 Kxh7 36. Bc7 b5 37. axb5 Bxb5 38. Bxa5 Bh6 39. Bc7
e3 40. Bg3 e2 41. Ra1 Be3+ 42. Bf2 Bd2 43. Be1 Be3+ 44. Kh2 Bc4 45. Ra4 Bb3
46. Rb4 Bc2 47. Rb6 e5 48. Re6 e4 49. b4 f4 50. b5 Bd3 51. b6 Ba6 52. Rxe4
{#r} 1-0

[Event "Torneio Interno de Inverno ALEX 2016"]
[Site "Rio de Janeiro"]
[Date "2016.07.19"]
[Round "4.11"]
[White "Faria, Daniel"]
[Black "Ribeiro de Carvalho, Irahy"]
[Result "1-0"]
[WhiteElo "1477"]
[BlackElo "1634"]
[EventType "Swiss"]
[EventRounds "6"]
[EventCountry "BRA"]

1. d4 d5 2. Nc3 Nf6 3. Bg5 Nc6 4. Bxf6 exf6 5. e4 Bb4 6. Bd3 O-O 7. exd5 Qxd5
8. Ne2 Qd7 9. a3 Ba5 10. O-O Ne7 11. Nf4 Nd5 {#r} 1-0

[Event "Torneio Interno de Inverno ALEX 2016"]
[Site "Rio de Janeiro"]
[Date "2016.07.26"]
[Round "5.1"]
[White "Madeu, Fernando"]
[Black "Lima, Juarez"]
[Result "0-1"]
[WhiteElo "2006"]
[BlackElo "1972"]
[EventType "Swiss"]
[EventRounds "6"]
[EventCountry "BRA"]

1. e4 e5 2. Nf3 Nc6 3. Nc3 Bc5 4. Nxe5 Bxf2+ 5. Kxf2 Nxe5 6. d4 Ng6 7. Bc4 c6
8. Rf1 N8e7 9. Kg1 d5 10. exd5 cxd5 11. Bb5+ Bd7 12. Bg5 f6 13. Be3 O-O 14.
Bxd7 Qxd7 15. Qf3 Rad8 16. Rae1 a6 17. Kh1 Rfe8 18. Bg1 Nh4 19. Qh5 Nhg6 20.
Re3 h6 21. Rfe1 Kh7 22. g4 Nf4 23. Qh4 g5 24. Qg3 Neg6 25. Bf2 Rxe3 26. Qxe3
Qxg4 27. Bg3 Re8 28. Nxd5 Kg7 29. Nxf6 Kxf6 30. Qc3 Rxe1+ {#R} 0-1

[Event "Torneio Interno de Inverno ALEX 2016"]
[Site "Rio de Janeiro"]
[Date "2016.07.26"]
[Round "5.2"]
[White "Ramos Simoes, Leo"]
[Black "Almeida, Flavio"]
[Result "1-0"]
[WhiteElo "2051"]
[BlackElo "1867"]
[EventType "Swiss"]
[EventRounds "6"]
[EventCountry "BRA"]

1. e4 c6 2. d4 d5 3. Nc3 dxe4 4. Nxe4 Nd7 5. Nf3 Ngf6 6. Neg5 e6 7. Bc4 Be7 8.
Nxf7 Kxf7 9. Ng5+ Ke8 10. Nxe6 Bb4+ 11. c3 Qe7 12. O-O Ne5 13. Re1 Bxe6 14.
Rxe5 Bxc4 15. Rxe7+ Bxe7 16. Bg5 Kf7 17. b3 Ba6 18. c4 Rad8 19. f3 Rhe8 20.
Be3 Bb4 21. Bf2 Rd7 22. a3 Bd6 23. Qd2 Red8 24. Qc3 Kg8 25. b4 b6 26. Qb3 Kh8
27. c5 Bc7 28. g3 Nd5 29. a4 Be2 30. Re1 Re8 31. b5 cxb5 32. axb5 bxc5 33. Qc4
cxd4 34. Rxe2 Rxe2 35. Qxe2 Re7 36. Qa2 Nb6 37. Qxa7 h6 38. Bxd4 Nc8 39. Qa8
Re8 40. b6 Nd6 41. Qc6 Bb8 42. f4 Rd8 43. Be5 Kg8 44. b7 Kh8 45. Bxd6 Bxd6 46.
Qc8 Rg8 47. Kg2 Bb8 48. Kf3 Kh7 49. Ke4 g6 50. g4 Kg7 51. h4 Rf8 52. f5 g5 53.
hxg5 hxg5 54. Kd5 Bf4 55. Qe6 Rd8+ 56. Kc6 Rf8 57. Qg6+ Kh8 58. f6 { ( Tempo
)} {#r} 1-0

[Event "Torneio Interno de Inverno ALEX 2016"]
[Site "Rio de Janeiro"]
[Date "2016.07.26"]
[Round "5.3"]
[White "Soares, Estevao Luis"]
[Black "Rabello, David"]
[Result "1-0"]
[WhiteElo "2023"]
[BlackElo "1800"]
[EventType "Swiss"]
[EventRounds "6"]
[EventCountry "BRA"]

1. e4 b6 2. Nc3 Bb7 3. f4 e6 4. Nf3 Bb4 5. d3 Nf6 6. a3 Bc5 7. b4 Be7 8. g3
O-O 9. Bg2 Nc6 10. O-O d5 11. e5 Nd7 12. Bb2 f6 13. Ne2 fxe5 14. fxe5 Bg5 15.
Nxg5 Qxg5 16. Nf4 Rae8 17. d4 Ba6 18. Rf2 Bc4 19. Bc1 Qe7 20. Bh3 Nd8 21. Qg4
Rf5 22. Be3 Nf8 23. Qf3 Rf7 24. Qh5 g6 25. Qg4 Kh8 26. Bf1 h5 27. Nxg6+ Nxg6
28. Qxh5+ Rh7 29. Qxg6 Rg8 30. Qf6+ Qxf6 31. Rxf6 Rf7 32. Bxc4 Rxf6 33. exf6
dxc4 34. Rf1 Rf8 35. Bh6 Rf7 36. Rf4 Kh7 37. Bg5 Kg6 38. h4 Nb7 39. Re4 Kf5
40. Re5+ Kg4 41. Kg2 Nd6 42. Rxe6 Nf5 43. Re4+ Kh5 44. g4+ {#r} 1-0

[Event "Torneio Interno de Inverno ALEX 2016"]
[Site "Rio de Janeiro"]
[Date "2016.07.21"]
[Round "5.4"]
[White "Silveira, Jorge"]
[Black "Murilo, Sergio"]
[Result "1/2-1/2"]
[WhiteElo "1712"]
[BlackElo "1994"]
[EventType "Swiss"]
[EventRounds "6"]
[EventCountry "BRA"]

1. Nf3 d5 2. g3 Nf6 3. Bg2 c6 4. O-O Bg4 5. h3 Bh5 6. d3 Nbd7 7. Bf4 Qb6 8. b3
h6 9. g4 Bg6 10. Nbd2 Qb4 11. Bg3 e6 12. Ne5 Nxe5 13. Bxe5 Be7 14. a3 Qa5 15.
c4 O-O 16. b4 Qd8 17. Nf3 Qd7 18. Qb3 a6 19. c5 Qd8 20. Bb2 Ne8 21. Rad1 Nc7
22. e4 Bf6 23. e5 Be7 24. Nd4 Nb5 25. f4 Nxd4 26. Bxd4 f5 27. exf6 Bxf6 28.
Be3 Rf7 29. d4 Qd7 30. Bc1 h5 31. Qe3 Rff8 32. g5 Be7 33. Rde1 Bf5 34. h4 g6
35. Qb3 Rae8 36. a4 Bd8 37. b5 Ba5 38. Re2 cxb5 39. axb5 Qxb5 40. Qxb5 axb5
41. Ra2 Bc3 42. Bb2 Bb4 43. Rfa1 Bd3 44. Ba3 Bc3 45. Bb2 Bd2 46. Bc1 Bc3 47.
Bb2 Bxb2 48. Rxb2 Rxf4 49. Re1 Kf7 50. Rf2 Rxf2 51. Kxf2 Be4 52. Bf1 b4 53.
Re2 b3 54. Ke3 Bc2 55. Rf2+ Kg7 56. Bd3 Bxd3 57. Kxd3 e5 58. Rb2 exd4 59. Kxd4
Re4+ 60. Kxd5 Rb4 61. Ke6 Rb5 62. Rd2 {#d} 1/2-1/2

[Event "Torneio Interno de Inverno ALEX 2016"]
[Site "Rio de Janeiro"]
[Date "2016.07.26"]
[Round "5.5"]
[White "Frota, Alvaro"]
[Black "Alves Rolim, Carlos"]
[Result "1-0"]
[WhiteElo "2007"]
[BlackElo "1908"]
[EventType "Swiss"]
[EventRounds "6"]
[EventCountry "BRA"]

1. e4 c5 2. Nf3 Nc6 3. d4 cxd4 4. Nxd4 Nf6 5. Nc3 g6 6. Bc4 Bg7 7. Be3 Ne5 8.
Bb3 O-O 9. f3 a6 10. Qd2 b5 11. Bh6 Qb6 12. O-O-O Bb7 13. h4 Nc6 14. Bxg7 Kxg7
15. Nde2 Na5 16. h5 Nxb3+ 17. axb3 d6 18. hxg6 fxg6 19. Nf4 Rfc8 20. Ne6+ Kf7
21. Ng5+ Kg7 22. Nxh7 Nxh7 23. Qh6+ Kf6 24. Qf4+ Ke6 25. Rxh7 Rf8 26. Qg4+ Kf6
27. Qh4+ Ke5 28. Rxe7# 1-0

[Event "Torneio Interno de Inverno ALEX 2016"]
[Site "Rio de Janeiro"]
[Date "2016.07.26"]
[Round "5.7"]
[White "Pinon, Antonio Marcos"]
[Black "Orlandi Neto, Aristides"]
[Result "1-0"]
[WhiteElo "1715"]
[BlackElo "1774"]
[EventType "Swiss"]
[EventRounds "6"]
[EventCountry "BRA"]

1. d4 d5 2. Bf4 e6 3. e3 Nf6 4. Nd2 Be7 5. Ngf3 Nbd7 6. c3 O-O 7. Bd3 Re8 8.
h4 c5 9. Ne5 Nf8 10. Qf3 Bd7 11. g4 cxd4 12. exd4 Bc6 13. g5 Ne4 14. Nxe4 dxe4
15. Bxe4 Bxe4 16. Qxe4 Qd5 17. Qxd5 exd5 18. Kd2 f6 19. Ng4 Nd7 20. Rae1 Kf7
21. Rh3 a5 22. a4 Rac8 23. Rhe3 Nf8 24. gxf6 Bxf6 25. Rxe8 Rxe8 26. Rxe8 Kxe8
27. Nxf6+ gxf6 28. Bc7 Kf7 29. Bxa5 Kg6 30. Bc7 Kh5 31. Bg3 Kg4 32. b4 f5 33.
Ke3 Ne6 34. a5 f4+ 35. Bxf4 Nxf4 36. b5 Ne6 37. a6 bxa6 38. bxa6 Nc7 39. a7 h5
40. Kd3 Kxh4 41. c4 dxc4+ 42. Kxc4 Kg4 43. d5 h4 44. d6 h3 45. dxc7 h2 46.
c8=Q+ Kf3 47. Qh3+ {#r} 1-0

[Event "Torneio Interno de Inverno ALEX 2016"]
[Site "Rio de Janeiro"]
[Date "2016.07.26"]
[Round "5.8"]
[White "Tiomno, Luiz Sergio"]
[Black "Luz da Costa, Carlos Henrique"]
[Result "1-0"]
[WhiteElo "1678"]
[BlackElo "1585"]
[EventType "Swiss"]
[EventRounds "6"]
[EventCountry "BRA"]

1. e4 g6 2. Nf3 Bg7 3. d4 d6 4. h3 Nd7 5. Nc3 e5 6. d5 Ngf6 7. Bg5 a5 8. Bb5
b6 9. Bc6 Rb8 10. Bh4 Bb7 11. Qe2 Bxc6 12. dxc6 Nc5 13. Rb1 O-O 14. O-O Qe8
15. Bxf6 Bxf6 16. Nd5 Bd8 17. b4 axb4 18. Nxb4 Ra8 19. c3 f5 20. exf5 Rxf5 21.
Rbd1 Qf7 22. Rfe1 Bf6 23. Rd5 Ne6 24. Qc2 Nd8 25. Qb3 Kh8 26. Rd2 Ne6 27. c4
Nc5 28. Qc2 Rf4 29. Nd5 Rf5 30. Nh2 e4 31. Ng4 Bg7 32. Nge3 Rg5 33. Nf1 Qe6
34. Kh1 Ra3 35. Re3 Rxe3 36. Nfxe3 Qf7 37. Re2 h5 38. Nf1 Be5 39. Qd2 Rxg2 40.
Kxg2 Qf3+ 41. Kg1 Kh7 42. Qe3 Qf7 43. Qg5 Ne6 44. Qe7 Qxe7 45. Nxe7 Nf4 46.
Re3 Kh6 47. Nd5 g5 48. Nxc7 d5 49. Nxd5 Nxd5 50. cxd5 Kg6 51. Rxe4 Bb8 52. d6
{#r} 1-0

[Event "Torneio Interno de Inverno ALEX 2016"]
[Site "Rio de Janeiro"]
[Date "2016.07.26"]
[Round "5.9"]
[White "de Souza Negreiros, Diogenes"]
[Black "Faria, Daniel"]
[Result "0-1"]
[WhiteElo "1629"]
[BlackElo "1477"]
[EventType "Swiss"]
[EventRounds "6"]
[EventCountry "BRA"]

1. d4 Nf6 2. c4 g6 3. Nc3 d5 4. Nf3 Bg7 5. Bf4 Nh5 6. Bd2 dxc4 7. e3 c5 8. d5
a6 9. Bxc4 O-O 10. O-O b5 11. Bb3 Bg4 12. e4 Nd7 13. h3 Bxf3 14. Qxf3 Ne5 15.
Qe2 c4 16. Bc2 b4 17. Nd1 Qb6 18. Be3 Qb5 19. Rb1 Nd3 20. Bxd3 cxd3 21. Qd2 f5
22. g4 f4 23. gxh5 fxe3 24. Nxe3 Rf3 25. hxg6 hxg6 26. Ng4 Rxh3 27. Qg5 Kf7
28. Ne5+ Bxe5 29. Qxe5 Qd7 30. Qg5 Kg7 31. Qe5+ Kh6 32. Qf4+ g5 33. Qf5 Qxf5
34. exf5 g4 35. Rbc1 Ra7 36. Rc6+ Kg5 37. f6 exf6 38. d6 Rah7 39. f3 Rh1+ 40.
Kf2 R7h2+ 41. Ke1 Re2+ {#R} 0-1

[Event "Torneio Interno de Inverno ALEX 2016"]
[Site "Rio de Janeiro"]
[Date "2016.07.26"]
[Round "5.10"]
[White "Von Calmbach, Guilherme"]
[Black "Pereira, Emmanuel"]
[Result "1-0"]
[WhiteElo "1634"]
[BlackElo "1738"]
[EventType "Swiss"]
[EventRounds "6"]
[EventCountry "BRA"]

1. e4 c5 2. Nf3 d6 3. Bc4 Nc6 4. d4 cxd4 5. Nxd4 Nf6 6. Nc3 g6 7. Bg5 Bg7 8.
Qd2 Nxd4 9. Qxd4 O-O 10. Qd2 Qc7 11. Bb3 Ng4 12. Nd5 Qc5 13. Nxe7+ Kh8 14. c3
Nxf2 15. Be3 Qe5 16. Qxf2 Qxe7 17. Bd5 f5 18. Bd4 fxe4 19. Bxg7+ Kxg7 20. Qd4+
Qf6 21. O-O-O Qxd4 22. Rxd4 e3 23. Re4 Rf5 24. c4 Rb8 25. Rxe3 b5 26. Re8 Re5
27. Re1 Rxe1+ 28. Rxe1 Bf5 29. Re7+ Kf6 30. Rxa7 h5 31. Rb7 Rxb7 32. Bxb7 bxc4
33. Kd2 Ke5 34. a4 Be4 35. Bxe4 Kxe4 36. Kc3 d5 37. a5 d4+ 38. Kxc4 Ke3 39. a6
d3 40. a7 d2 41. a8=Q d1=Q 42. Qa3+ Ke2 43. Qf3+ Ke1 44. Qxd1+ Kxd1 45. b4
{#r} 1-0

[Event "Torneio Interno de Inverno ALEX 2016"]
[Site "Rio de Janeiro"]
[Date "2016.08.02"]
[Round "6.1"]
[White "Lima, Juarez"]
[Black "Ramos Simoes, Leo"]
[Result "0-1"]
[WhiteElo "1972"]
[BlackElo "2051"]
[EventType "Swiss"]
[EventRounds "6"]
[EventCountry "BRA"]

1. Nf3 Nf6 2. Nc3 d5 3. d4 g6 4. g3 Bg7 5. Bg2 h6 6. O-O O-O 7. Ne5 c6 8. a3
Nfd7 9. Ng4 h5 10. Ne3 Qb6 11. Ncxd5 cxd5 12. Nxd5 Qd8 13. Bf4 Na6 14. e3 e6
15. Nc3 Nb6 16. Ne4 Nd5 17. Bd6 Re8 18. c4 Nb6 19. c5 f5 20. Nd2 Nd5 21. b4
Bd7 22. Qb3 Qc8 23. b5 Nac7 24. a4 Bf8 25. Rac1 Qd8 26. Be5 Bc8 27. Rfe1 Nf6
28. Qc2 Ng4 29. Nc4 Nxe5 30. Nxe5 Kg7 31. Rcd1 Be7 32. e4 Bf6 33. Nc4 Rf8 34.
exf5 gxf5 35. Nd6 Ne8 36. Bxb7 Bxb7 37. Nxb7 Qd5 38. Na5 Bxd4 39. Nc6 Qxc5 40.
Nxd4 Qxc2 41. Nxc2 Kf6 42. Rd6 Nxd6 43. Nd4 Rfe8 44. Rc1 Rac8 45. Nc6 a6 46.
Rd1 Ne4 47. Na7 Red8 48. Rb1 axb5 49. axb5 Rb8 50. b6 Rb7 51. Nc6 Nc3 52. Rb4
Nd5 53. Rh4 Rxb6 54. Nd4 Rb4 55. Kg2 e5 56. Nxf5 Kxf5 57. Rxh5+ Kg6 58. Rh3
Rc8 59. Kf3 e4+ 60. Ke2 Rb2+ 61. Kf1 Rc1+ 62. Kg2 Ne3# 0-1

[Event "Torneio Interno de Inverno ALEX 2016"]
[Site "Rio de Janeiro"]
[Date "2016.08.02"]
[Round "6.2"]
[White "Frota, Alvaro"]
[Black "Soares, Estevao Luis"]
[Result "0-1"]
[WhiteElo "2007"]
[BlackElo "2023"]
[EventType "Swiss"]
[EventRounds "6"]
[EventCountry "BRA"]

1. e4 g6 2. d4 Bg7 3. Nc3 e6 4. Be3 d5 5. Nf3 Ne7 6. Qd2 h5 7. Bd3 c6 8. O-O-O
Qa5 9. Kb1 Na6 10. exd5 cxd5 11. Rhe1 Bd7 12. Ne5 Bxe5 13. dxe5 Nb4 14. a3
Nxd3 15. Qxd3 b5 16. Bc5 Rc8 { Infracao: toque de telefone} {#R} 0-1

[Event "Torneio Interno de Inverno ALEX 2016"]
[Site "Rio de Janeiro"]
[Date "2016.08.02"]
[Round "6.3"]
[White "Murilo, Sergio"]
[Black "Madeu, Fernando"]
[Result "1-0"]
[WhiteElo "1994"]
[BlackElo "2006"]
[EventType "Swiss"]
[EventRounds "6"]
[EventCountry "BRA"]

1. e4 e6 2. Nc3 c5 3. g3 Nc6 4. Bg2 g6 5. Nge2 Bg7 6. d3 Nge7 7. Be3 Nd4 8.
O-O O-O 9. Qd2 Qa5 10. Bxd4 cxd4 11. Nb1 Qc7 12. Na3 a6 13. Rac1 b5 14. c4
dxc3 15. bxc3 Qa5 16. Nb1 Bb7 17. c4 Qxd2 18. Nxd2 Nc6 19. Rb1 Ne5 20. d4 Nd3
21. Rb3 Nxf2 22. Kxf2 f5 23. Ke1 fxe4 24. Nxe4 Rxf1+ 25. Kxf1 Rf8+ 26. Ke1
Bxe4 27. Bxe4 bxc4 28. Rb6 a5 29. d5 Rc8 30. dxe6 dxe6 31. Rxe6 c3 32. Bc2 Bh6
33. Nf4 Bxf4 34. gxf4 Kg7 35. Ke2 Rc4 36. Re4 Rc5 37. Kd3 Rh5 38. Re2 Rh3+ 39.
Ke4 Kf6 40. Rf2 Rh4 41. Ke3 Rh3+ 42. Kd4 h5 43. a4 Kf7 44. Kc4 Re3 45. Kb5 Kf6
46. Kxa5 g5 47. fxg5+ Kxg5 48. Kb4 Kg4 49. a5 h4 50. a6 Re1 51. Kxc3 Ra1 52.
Bd3 Ra3+ 53. Kd4 Kg5 54. Bc4 Ra5 55. Ra2 {#r} 1-0

[Event "Torneio Interno de Inverno ALEX 2016"]
[Site "Rio de Janeiro"]
[Date "2016.08.02"]
[Round "6.5"]
[White "Rabello, David"]
[Black "Pinon, Antonio Marcos"]
[Result "1-0"]
[WhiteElo "1800"]
[BlackElo "1715"]
[EventType "Swiss"]
[EventRounds "6"]
[EventCountry "BRA"]

1. e4 Nc6 2. Nf3 f5 3. Nc3 fxe4 4. Nxe4 d5 5. Nc3 e5 6. Bb5 Qd6 7. O-O Nf6 8.
d4 e4 9. Ne5 Nd7 10. Bf4 Ndxe5 11. Bxe5 Qg6 12. Nxd5 Bd6 13. Nxc7+ Bxc7 14.
Bxc7 O-O 15. Re1 Bg4 16. Qd2 Kh8 17. Bxc6 Qxc6 18. Be5 Rad8 19. Qg5 Qg6 20.
Qxg6 hxg6 21. Rxe4 Bf5 22. Re2 Kg8 23. c3 Rd5 24. Rae1 Rf7 25. Bb8 Bd7 26. Re5
Rxe5 27. Rxe5 a6 28. Kf1 Bb5+ 29. Ke1 Kh7 30. d5 Kh6 31. d6 g5 32. Re6+ g6 33.
Re7 Rxe7+ 34. dxe7 g4 35. c4 Bc6 36. c5 Kg7 37. Bd6 Kf7 38. h3 Bxg2 39. hxg4
g5 40. Ke2 Bd5 41. a3 Bc6 42. Ke3 Ke6 43. f4 gxf4+ 44. Kxf4 b5 45. Kg5 Kf7 46.
Kh6 Kg8 47. b4 Bd7 48. g5 Be8 49. g6 Bd7 50. Kg5 Be8 51. Kf6 Bd7 52. Be5 Be8
53. Ke6 Bc6 54. Kd6 Be8 55. Kc7 Bc6 56. Kxc6 {#r} 1-0

[Event "Torneio Interno de Inverno ALEX 2016"]
[Site "Rio de Janeiro"]
[Date "2016.08.02"]
[Round "6.7"]
[White "Siqueira de Azevedo, Thiago"]
[Black "Tiomno, Luiz Sergio"]
[Result "1-0"]
[WhiteElo "1848"]
[BlackElo "1678"]
[EventType "Swiss"]
[EventRounds "6"]
[EventCountry "BRA"]

1. e4 e5 2. Nf3 d6 3. d4 Bg4 4. dxe5 Bxf3 5. gxf3 dxe5 6. Qxd8+ Kxd8 7. Be3
Bd6 8. Nd2 h6 9. O-O-O Nf6 10. Nc4 Ke7 11. Bd2 Nc6 12. c3 a6 13. Ne3 g6 14.
Bh3 Rad8 15. Rhe1 Bc5 16. Kc2 Rd6 17. Nc4 Rhd8 18. Nxd6 Bxd6 19. b4 g5 20. a4
b6 21. Be3 Nh5 22. Bg4 Ng7 23. h4 h5 24. Bxg5+ f6 25. Bh6 hxg4 26. Bxg7 Rg8
27. Bh6 Rh8 28. Be3 gxf3 29. Rh1 Rh5 30. Rdg1 Kf7 31. Rg3 Ne7 32. Rxf3 Ng6 33.
Rfh3 c5 34. Kb3 Ke6 35. Kc4 cxb4 36. cxb4 Bc7 37. f3 Bd8 38. b5 a5 39. Rd1 Bc7
40. Rh2 f5 41. Rhd2 Nf8 42. Bxb6 Bxb6 43. Rd6+ Kf7 44. Rxb6 fxe4 45. fxe4 Rxh4
46. Kd5 Ng6 47. Rf1+ Nf4+ 48. Kxe5 {#r} 1-0

[Event "Torneio Interno de Inverno ALEX 2016"]
[Site "Rio de Janeiro"]
[Date "2016.08.02"]
[Round "6.8"]
[White "Faraco, Pedro"]
[Black "Orlandi Neto, Aristides"]
[Result "0-1"]
[WhiteElo "1415"]
[BlackElo "1774"]
[EventType "Swiss"]
[EventRounds "6"]
[EventCountry "BRA"]

1. e4 e5 2. Nf3 Nc6 3. Bb5 d6 4. O-O Nf6 5. Re1 Be7 6. d4 O-O 7. Bxc6 bxc6 8.
dxe5 dxe5 9. Qxd8 Rxd8 10. Nxe5 Bb7 11. f3 Nd7 12. Nd3 Ba6 13. Be3 Rab8 14.
Bxa7 Rb7 15. Bd4 Bxd3 16. cxd3 Nc5 17. Bc3 Nxd3 18. Rd1 Nxb2 19. Rxd8+ Bxd8
20. Nd2 Na4 21. Rb1 Rb5 22. Rc1 Bg5 {#R} 0-1

[Event "Torneio Interno de Inverno ALEX 2016"]
[Site "Rio de Janeiro"]
[Date "2016.08.02"]
[Round "6.9"]
[White "Luz da Costa, Carlos Henrique"]
[Black "Von Calmbach, Guilherme"]
[Result "1-0"]
[WhiteElo "1585"]
[BlackElo "1634"]
[EventType "Swiss"]
[EventRounds "6"]
[EventCountry "BRA"]

1. d4 e6 2. Nf3 Nc6 3. Bf4 Nf6 4. Nbd2 b6 5. e3 Bb7 6. Be2 Be7 7. h3 Rc8 8.
O-O d5 9. c3 O-O 10. a4 a5 11. Nb1 Bd6 12. Bxd6 cxd6 13. Na3 e5 14. Nb5 Ba6
15. Qb3 exd4 16. Nfxd4 Nxd4 17. exd4 Qd7 18. Qa3 Rc6 19. Rfe1 Ne4 20. Rad1 Qf5
21. f3 Ng3 22. Bd3 Qd7 23. Re3 Nh5 24. Rde1 Nf4 25. Re7 Qd8 26. Bf1 Ne6 27.
Ra7 Bc8 28. Qb3 Nf4 29. Ree7 Be6 30. Qd1 Re8 31. Rxe8+ Qxe8 32. Qd2 Nh5 33.
Rc7 Bd7 34. Rxc6 Bxc6 35. Nxd6 Qe6 36. Nb5 Ng3 37. Bd3 Nf5 38. Kf2 Kf8 39. Qf4
Bd7 40. Nc7 Qd6 { Jogo incompleto.} {#r} 1-0

[Event "Torneio Interno de Inverno ALEX 2016"]
[Site "Rio de Janeiro"]
[Date "2016.08.02"]
[Round "6.11"]
[White "Pereira, Emmanuel"]
[Black "de Souza Negreiros, Diogenes"]
[Result "0-1"]
[WhiteElo "1738"]
[BlackElo "1629"]
[EventType "Swiss"]
[EventRounds "6"]
[EventCountry "BRA"]

1. c4 e5 2. Nc3 Nf6 3. g3 d5 4. cxd5 Nxd5 5. Bg2 Be6 6. Nxd5 Bxd5 7. e4 Be6 8.
Nf3 Nc6 9. a3 Qd3 10. Qa4 Bb3 11. Nxe5 Qc2 12. Qxb3 Qxb3 13. Nxc6 bxc6 14. O-O
Bc5 15. e5 Qe6 16. b4 Bd4 17. Rb1 O-O 18. Re1 Qf5 {#R} 0-1